<?xml version="1.0" encoding="UTF-8"?>
<record
    xmlns:xsi="http://www.w3.org/2001/XMLSchema-instance"
    xsi:schemaLocation="http://www.loc.gov/MARC21/slim http://www.loc.gov/standards/marcxml/schema/MARC21slim.xsd"
    xmlns="http://www.loc.gov/MARC21/slim">

  <leader>00780nam a2200241   4500</leader>
  <controlfield tag="005">20241121111533.0</controlfield>
  <datafield tag="010" ind1=" " ind2=" ">
    <subfield code="a">ENG-142228</subfield>
  </datafield>
  <datafield tag="020" ind1=" " ind2=" ">
    <subfield code="c">3000.00</subfield>
    <subfield code="a">9788174534071</subfield>
  </datafield>
  <datafield tag="035" ind1=" " ind2=" ">
    <subfield code="a">EN-125760</subfield>
  </datafield>
  <datafield tag="037" ind1=" " ind2=" ">
    <subfield code="b">DBAD</subfield>
  </datafield>
  <datafield tag="082" ind1=" " ind2=" ">
    <subfield code="a">230.35</subfield>
  </datafield>
  <datafield tag="100" ind1=" " ind2=" ">
    <subfield code="a">Kulshreshtha, Jagdish Sahai </subfield>
    <subfield code="9">74025</subfield>
  </datafield>
  <datafield tag="245" ind1=" " ind2=" ">
    <subfield code="a">Jagadisayasolaksmith Indology On Cloud 9/</subfield>
    <subfield code="c">By Jagdish Sahai Kulshreshtha</subfield>
  </datafield>
  <datafield tag="250" ind1=" " ind2=" ">
    <subfield code="a">First</subfield>
  </datafield>
  <datafield tag="260" ind1=" " ind2=" ">
    <subfield code="a">Darya Ganj</subfield>
    <subfield code="b">Sanjay Prakashan</subfield>
    <subfield code="c">2012</subfield>
  </datafield>
  <datafield tag="270" ind1=" " ind2=" ">
    <subfield code="a">478/4 D, 209 J. M. D. House, Ansari Road</subfield>
    <subfield code="b">Delhi</subfield>
    <subfield code="e">110002</subfield>
    <subfield code="k">23245808</subfield>
    <subfield code="k">41564415</subfield>
  </datafield>
  <datafield tag="300" ind1=" " ind2=" ">
    <subfield code="a">466p.</subfield>
    <subfield code="c">24cm(hb)</subfield>
  </datafield>
  <datafield tag="700" ind1=" " ind2=" ">
    <subfield code="a">Jagdish Sahai</subfield>
    <subfield code="9">73109</subfield>
  </datafield>
  <datafield tag="700" ind1=" " ind2=" ">
    <subfield code="a">Ram Karan Sharma</subfield>
    <subfield code="9">73110</subfield>
  </datafield>
  <datafield tag="700" ind1=" " ind2=" ">
    <subfield code="a">Sushma Kulshreshtha </subfield>
    <subfield code="9">73111</subfield>
  </datafield>
  <datafield tag="700" ind1=" " ind2=" ">
    <subfield code="a">Abhs Kulshreshtha</subfield>
    <subfield code="9">73112</subfield>
  </datafield>
  <datafield tag="942" ind1=" " ind2=" ">
    <subfield code="2">ddc</subfield>
    <subfield code="c">EN</subfield>
    <subfield code="h">230.35</subfield>
    <subfield code="m">KUL</subfield>
  </datafield>
  <datafield tag="999" ind1=" " ind2=" ">
    <subfield code="c">206549</subfield>
    <subfield code="d">206549</subfield>
  </datafield>
  <datafield tag="952" ind1=" " ind2=" ">
    <subfield code="0">0</subfield>
    <subfield code="1">0</subfield>
    <subfield code="4">0</subfield>
    <subfield code="7">0</subfield>
    <subfield code="8">NFIC</subfield>
    <subfield code="a">BN</subfield>
    <subfield code="b">BN</subfield>
    <subfield code="d">2024-10-22</subfield>
    <subfield code="e">DBAD</subfield>
    <subfield code="g">3000.00</subfield>
    <subfield code="l">0</subfield>
    <subfield code="o">230.35 KUL</subfield>
    <subfield code="p">EN-125760</subfield>
    <subfield code="r">2024-10-22 00:00:00</subfield>
    <subfield code="t">1</subfield>
    <subfield code="v">3000.00</subfield>
    <subfield code="w">2024-10-22</subfield>
    <subfield code="y">EN</subfield>
  </datafield>
</record>
